[Event "57th Hoogovens it"]
[Site "Wijk aan Zee NED"]
[Date "1995.01.??"]
[Round "2.5"]
[White "Timman, Jan"]
[Black "Piket, Jeroen"]
[Result "1-0"]
[WhiteElo "2635"]
[BlackElo "2640"]
[EventDate "1995.01.12"]
[PlyCount "131"]

1. e4 e5 2. Nf3 Nf6 3. Nxe5 d6 4. Nf3 Nxe4 5. Qe2 Qe7 6. d3 Nf6 7. Bg5 Qxe2+ 8. Bxe2 Be7 9. Nc3 c6 10. O-O-O Na6 11. Rhe1 Nc7 12. Ne4 Nxe4 13. dxe4 Bxg5+ 14. Nxg5 f6 15. Nf3 Ke7 16. Nd4 Be6 17. f4 Rad8 18. Bf3 Rhe8 19. Rd2 Kf8 20. Red1 Bf7 21. Nf5 d5 22. c4 Bg6 23. g4 Bxf5 24. gxf5 Rc8 25. exd5 cxd5 26. Rc2 dxc4 27. Bxb7 Rb8 28. Bc6 Re7 29. Rxc4 g6 30. Bd7 Na6 31. Be6 gxf5 32. Bxf5 Re2 33. Rc2 Rxc2+ 34. Bxc2 Nb4 35. Bb3 a5 36. Rd7 a4 37. Be6 Rc8+ 38. Kd1 Rc5 39. a3 Nc2 40. Rd3 Na1 41. Rc3 Rh5 42. h3 Ke7 43. Bg8 f5 44. Kc1 Rh4 45. Kb1 Nb3 46. Bxb3 axb3 47. Rf3 Kd6 48. Kc1 Kd5 49. Kd2 Ke4 50. Rxb3 Rh6 51. Rb4+ Kd5 52. a4 Rxh3 53. a5 Rh1 54. Rb5+ Ke4 55. Rb4+ Kd5 56. Ra4 Rh2+ 57. Kc3 Rh3+ 58. Kb4 Rf3 59. Kb5 Kd6 60. Rd4+ Kc7 61. b4 h5 62. Rc4+ Kb8 63. a6 Rg3 64. Rc5 h4 65. Rxf5 h3 66. Rh5 1-0

[Event "57th Hoogovens it"]
[Site "Wijk aan Zee NED"]
[Date "1995.01.??"]
[Round "2.6"]
[White "Seirawan, Yasser"]
[Black "Nikolic, Predrag"]
[Result "1/2-1/2"]
[WhiteElo "2585"]
[BlackElo "2655"]
[EventDate "1995.01.12"]
[PlyCount "92"]

1. d4 e6 2. c4 f5 3. g3 Nf6 4. Bg2 c6 5. Nh3 Bb4+ 6. Nd2 d6 7. O-O Ba5 8. c5 d5 9. Nf3 b6 10. cxb6 Bxb6 11. b3 O-O 12. Ba3 Re8 13. Nf4 Ne4 14. Rc1 Bb7 15. Ne5 a5 16. e3 Ba6 17. Re1 Bb5 18. Bf1 Ra7 19. Nfd3 Rc7 20. Nc5 Bxc5 21. Bxc5 Nxc5 22. Rxc5 Nd7 23. Nxd7 Qxd7 24. Qc2 Bxf1 25. Rxf1 Ra8 26. Rc1 Ra6 27. Qc3 a4 28. bxa4 Rxa4 29. Rxc6 Rxc6 30. Qxc6 Qxc6 31. Rxc6 Kf7 32. Rc2 g5 33. Kf1 h5 34. h3 Kf6 35. Ke2 Ra3 36. h4 gxh4 37. gxh4 f4 38. Kf3 Kf5 39. Rb2 e5 40. dxe5 fxe3 41. fxe3 Kxe5 42. Rg2 d4 43. Rg5+ Kf6 44. Rxh5 dxe3 45. Rb5 Rxa2 46. Kxe3 Ra4 1/2-1/2

[Event "57th Hoogovens it"]
[Site "Wijk aan Zee NED"]
[Date "1995.01.??"]
[Round "2.1"]
[White "Bareev, Evgeny"]
[Black "Leko, Peter"]
[Result "1-0"]
[WhiteElo "2675"]
[BlackElo "2550"]
[EventDate "1995.01.12"]
[PlyCount "69"]

1. d4 Nf6 2. Nf3 g6 3. c4 Bg7 4. Nc3 d5 5. Qb3 dxc4 6. Qxc4 O-O 7. e4 a6 8. e5 Nfd7 9. Be3 b5 10. Qb3 Nb6 11. a4 Be6 12. Qd1 c6 13. Bd3 f6 14. O-O N8d7 15. Be4 Nd5 16. axb5 axb5 17. Nxd5 cxd5 18. Rxa8 Qxa8 19. exf6 exf6 20. Bd3 Qb7 21. Bd2 Nb6 22. Re1 Bd7 23. Bb4 Re8 24. h4 Rxe1+ 25. Qxe1 Qc8 26. Qe7 Be8 27. h5 gxh5 28. Bc5 Qd7 29. Qe2 Na8 30. Bf5 Qc6 31. Be6+ Bf7 32. Bxf7+ Kxf7 33. Qe7+ Kg8 34. Nh4 Nb6 35. Qd8+ 1-0

[Event "57th Hoogovens it"]
[Site "Wijk aan Zee NED"]
[Date "1995.01.??"]
[Round "3.2"]
[White "Lutz, Christopher"]
[Black "Khalifman, Alexander"]
[Result "1/2-1/2"]
[WhiteElo "2580"]
[BlackElo "2645"]
[EventDate "1995.01.12"]
[PlyCount "99"]

1. e4 c5 2. c3 Nf6 3. e5 Nd5 4. Nf3 Nc6 5. Bc4 Nb6 6. Bb3 d5 7. exd6 Qxd6 8. O-O c4 9. Bc2 g6 10. b3 Bg7 11. Na3 cxb3 12. axb3 O-O 13. d4 Bg4 14. h3 Bxf3 15. Qxf3 e5 16. Nb5 Qd5 17. Qxd5 Nxd5 18. Be4 a6 19. Bxd5 axb5 20. Rxa8 Rxa8 21. dxe5 Bxe5 22. c4 bxc4 23. bxc4 Ra1 24. g3 Bd4 25. Bf4 Rxf1+ 26. Kxf1 Ne5 27. Ke2 b6 28. Bh6 Nd7 29. g4 Bg7 30. Bf4 Be5 31. Be3 Kf8 32. f4 Bd6 33. Kf3 Ke7 34. g5 Bc5 35. Bd2 Bd4 36. h4 Bg7 37. Bb4+ Nc5 38. Kg4 h6 39. gxh6 Bxh6 40. f5 Be3 41. Be4 Bd2 42. Ba3 Bc1 43. Bxc1 Nxe4 44. Kf4 gxf5 45. h5 Kf8 46. Ke5 Kg7 47. Be3 Nf6 48. Kxf5 Nxh5 49. Bxb6 Kf8 50. Bd4 1/2-1/2

[Event "57th Hoogovens it"]
[Site "Wijk aan Zee NED"]
[Date "1995.01.??"]
[Round "3.3"]
[White "Khalifman, Alexander"]
[Black "Lutz, Christopher"]
[Result "1/2-1/2"]
[WhiteElo "2645"]
[BlackElo "2580"]
[EventDate "1995.01.12"]
[PlyCount "37"]

1. e4 c5 2. Nf3 d6 3. d4 cxd4 4. Nxd4 Nf6 5. Nc3 Nc6 6. Bg5 e6 7. Qd2 a6 8. O-O-O h6 9. Be3 Be7 10. f4 Bd7 11. Bd3 Ng4 12. Bg1 Nxd4 13. Bxd4 e5 14. Bg1 exf4 15. Nd5 Ne3 16. Nxe3 fxe3 17. Bxe3 Be6 18. Kb1 O-O 19. Bd4 1/2-1/2

[Event "57th Hoogovens it"]
[Site "Wijk aan Zee NED"]
[Date "1995.01.??"]
[Round "3.2"]
[White "Timman, Jan"]
[Black "Bareev, Evgeny"]
[Result "1/2-1/2"]
[WhiteElo "2635"]
[BlackElo "2675"]
[EventDate "1995.01.12"]
[PlyCount "121"]

1. e4 e6 2. d4 d5 3. Nd2 c5 4. Ngf3 Nf6 5. Bb5+ Bd7 6. Bxd7+ Qxd7 7. exd5 Qxd5 8. c4 Qd8 9. Nb3 cxd4 10. Nbxd4 Bb4+ 11. Bd2 Qa5 12. a3 Bxd2+ 13. Qxd2 Qxd2+ 14. Kxd2 Nbd7 15. Ke2 Ke7 16. Rhd1 Rhc8 17. Rac1 a5 18. b3 Ra6 19. h3 Rb6 20. Nb5 g6 21. Nd2 Nc5 22. f3 Nh5 23. Ke3 Ng3 24. b4 axb4 25. axb4 Na6 26. Rb1 Rd8 27. Kf2 Nh5 28. g3 f5 29. Rb2 f4 30. g4 Ng3 31. Rbb1 Rd3 32. Rb2 Kf6 33. Kg2 Ke7 34. Kf2 h6 35. h4 Rd8 36. Rbb1 Rd7 37. Rb2 Rd3 38. Kg2 h5 39. gxh5 gxh5 40. Kf2 Nf5 41. Ke2 Re3+ 42. Kf2 e5 43. Rg1 Nd6 44. Nxd6 Rxd6 45. Rg7+ Kd8 46. Rxb7 Kc8 47. Rb5 Nc7 48. Rc5 Kb7 49. Ra5 Rd4 50. Ne4 Kb8 51. Rxe5 Rxc4 52. Nd6 Rcc3 53. Rxe3 fxe3+ 54. Kg3 Ne6 55. Ne4 Rc1 56. Re2 Nd4 57. Rxe3 Nf5+ 58. Kf4 Nxe3 59. Kxe3 Rh1 60. Kf2 Rxh4 61. Nf6 1/2-1/2

[Event "57th Hoogovens it"]
[Site "Wijk aan Zee NED"]
[Date "1995.01.??"]
[Round "3.5"]
[White "Bareev, Evgeny"]
[Black "Timman, Jan"]
[Result "1-0"]
[WhiteElo "2675"]
[BlackElo "2635"]
[EventDate "1995.01.12"]
[PlyCount "107"]

1. d4 Nf6 2. c4 e6 3. Nc3 Bb4 4. e3 b6 5. Bd3 Bb7 6. Nge2 O-O 7. a3 Bxc3+ 8. Nxc3 d5 9. O-O Nbd7 10. b4 dxc4 11. Bxc4 c5 12. Bb2 cxd4 13. Qxd4 Rc8 14. Be2 Qe7 15. Rac1 a6 16. f3 e5 17. Qh4 Qe6 18. Bd3 b5 19. e4 Nb6 20. Rfd1 Nc4 21. Bxc4 Rxc4 22. Ne2 Rxc1 23. Bxc1 Qb6+ 24. Qf2 Qxf2+ 25. Kxf2 Rc8 26. Bb2 Re8 27. Rc1 Nd7 28. Rc7 Bc8 29. Rc6 Nb8 30. Rd6 f6 31. Ng3 Kf7 32. Bc1 Re6 33. Nf5 Bd7 34. Rd3 Rc6 35. Nd6+ Ke6 36. Nf5 Rxc1 37. Nxg7+ Kf7 38. Nh5 Rc6 39. g4 Ke7 40. Kg3 Rd6 41. Rxd6 Kxd6 42. Nxf6 h6 43. Ng8 a5 44. bxa5 Nc6 45. a6 Bc8 46. Nxh6 Bxa6 47. g5 Ne7 48. h4 Bc8 49. h5 Be6 50. g6 Kd7 51. f4 exf4+ 52. Kxf4 Nc6 53. Nf5 Ke8 54. h6 1-0